000 00487nam a2200157 i 4500
001 82304
003 ES-MaACL
005 20230906174642.0
007 t|
008 041108s1955 sp ||||1| cat d
100 1 _aIglésies, Josep.
_965146
245 1 2 _aL'escultor Joan Roig-Solé, 1835-1918 /
_cJosé Iglésies.
260 _aReus :
_bAsociación de Estudios Reusenses,
_c1955 (
_eBarcelona :
_fEmporium)
300 _a151 p., 54 lám. ;
_c25 cm.
852 _aES-MaACL
_jC-9466
_bR.37314
999 _c82304
_d82304